ESSENTIALS OF OBSTETRICS (Record no. 14983)

MARC details
000 -LEADER
fixed length control field 00263nam a22001217a 4500
003 - CONTROL NUMBER IDENTIFIER
control field SGT
082 ## - DEWEY DECIMAL CLASSIFICATION NUMBER
Classification number 618.2
Item number E15S
100 ## - MAIN ENTRY--PERSONAL NAME
Personal name SESHADRI, LAKSHMI
245 ## - TITLE STATEMENT
Title ESSENTIALS OF OBSTETRICS
260 ## - PUBLICATION, DISTRIBUTION, ETC. (IMPRINT)
Place of publication, distribution, etc INDIA
Name of publisher, distributor, etc WOLTERS
Year of Publication 2015
300 ## - PAGE DESCRIPTION
No. of Pages 930
942 ## - ADDED ENTRY ELEMENTS (KOHA)
Source of classification or shelving scheme Dewey Decimal Classification
Koha item type Books
942 ## - ADDED ENTRY ELEMENTS (KOHA)
-- 19
Holdings
Withdrawn status Lost status Source of classification or shelving scheme Damaged status Not for loan Collection code Home library Current library Shelving location Date acquired Vendor Name SGTU Total Checkouts Full call number Accession No. (Barcode) Date last seen Date last borrowed Bill Date Koha item type Total Renewals
    Dewey Decimal Classification     MEDICAL SGT Medical Library SGT Medical Library Reference Book 31/01/2018 ABC SGTU 16 618.2 E15S FM9841 07/08/2025 02/06/2025 31/01/2018 Books  
    Dewey Decimal Classification     MEDICAL SGT Medical Library SGT Medical Library Reference Book 31/01/2018 ABC SGTU 20 618.2 E15S FM9842 13/05/2026 01/05/2026 31/01/2018 Books 1